Sports Quiz

Random Sports or NBA Quiz

Test Your NBA 2017-18 Bench Knowledge (For KOT4Q) Quiz Stats

 Plays Quiz not verified by Sporcle

Score 0/150 Timer 10:00
0 Plays Today
Team Player % Correct
PistonsIsh Smith
59.7%
WizardsJason Smith
57.6%
CelticsTerry Rozier
52.9%
CelticsMarcus Smart
51.3%
CavaliersDwyane Wade
48.2%
CavaliersTristan Thompson
47.6%
WarriorsNick Young
46.6%
WarriorsShaun Livingston
46.1%
WarriorsJaVale McGee
46.1%
CavaliersJeff Green
45.5%
WarriorsAndre Iguodala
45%
HeatTyler Johnson
44.5%
HeatJames Johnson
44.5%
RocketsEric Gordon
44%
ClippersLouis Williams
44%
ThunderDakari Johnson
43.5%
76ersAmir Johnson
43.5%
CavaliersJose Calderon
42.4%
CelticsDaniel Theis
41.4%
CavaliersKyle Korver
40.8%
RocketsBobby Brown
40.3%
BucksSterling Brown
39.8%
PelicansIan Clark
39.8%
BullsBobby Portis
37.2%
NetsTyler Zeller
36.6%
HornetsCody Zeller
36.6%
LakersJordan Clarkson
36.6%
BullsJerian Grant
36.1%
HawksMiles Plumlee
35.6%
CelticsMarcus Morris
35.1%
MavericksDevin Harris
34.6%
WarriorsDavid West
33.5%
76ersJustin Anderson
32.5%
NetsTrevor Booker
31.4%
NuggetsEmmanuel Mudiay
31.4%
HornetsMalik Monk
30.9%
HawksMike Muscala
30.4%
NetsSpencer Dinwiddie
29.8%
MavericksYogi Ferrell
29.8%
BucksMalcolm Brogdon
29.8%
BucksThon Maker
28.8%
ThunderRaymond Felton
28.8%
NetsAllen Crabbe
28.3%
RocketsP.J. Tucker
28.3%
LakersLarry Nance
27.7%
MavericksDwight Powell
27.2%
NuggetsWill Barton
27.2%
TimberwolvesJamal Crawford
27.2%
HawksTyler Dorsey
26.7%
SunsJosh Jackson
26.2%
Team Player % Correct
PacersAl Jefferson
25.7%
ThunderPatrick Patterson
25.7%
RaptorsNorman Powell
25.7%
SpursPatty Mills
25.1%
HornetsMichael Carter-Williams
23.6%
HornetsFrank Kaminsky
23%
ClippersMilos Teodosic
23%
TimberwolvesGorgui Dieng
22.5%
PacersDomantas Sabonis
22%
GrizzliesTyreke Evans
22%
HawksMalcolm Delaney
21.5%
PacersCory Joseph
20.9%
LakersLuol Deng
20.9%
GrizzliesBrandan Wright
20.9%
SunsAlex Len
20.9%
BullsDenzel Valentine
20.4%
LakersIvica Zubac
20.4%
ThunderAlex Abrines
19.9%
RaptorsDelon Wright
19.9%
JazzRodney Hood
19.9%
HornetsMichael Kidd-Gilchrist
19.4%
NetsSean Kilpatrick
18.3%
BullsPaul Zipser
18.3%
HeatJustise Winslow
18.3%
PistonsJon Leuer
17.8%
PistonsBoban Marjanovic
17.8%
PelicansJameer Nelson
17.8%
CelticsSemi Ojeleye
17.3%
NuggetsJuancho Hernangomez
17.3%
RocketsLuc Mbah a Moute
17.3%
ClippersMontrezl Harrell
17.3%
LakersTyler Ennis
17.3%
Trail BlazersEvan Turner
17.3%
BullsCristiano Felicio
16.8%
TimberwolvesAaron Brooks
16.8%
WizardsKelly Oubre
16.8%
KnicksFrank Ntilikina
16.2%
KingsBuddy Hield
16.2%
SpursManu Ginobili
16.2%
TimberwolvesShabazz Muhammad
15.7%
MagicBismack Biyombo
15.7%
NuggetsMalik Beasley
15.2%
ClippersSam Dekker
15.2%
MagicJonathon Simmons
15.2%
76ersJerryd Bayless
15.2%
Trail BlazersShabazz Napier
15.2%
HawksDeAndre' Bembry
14.7%
NuggetsTrey Lyles
14.7%
PelicansDante Cunningham
14.7%
MagicD.J. Augustin
14.7%
Team Player % Correct
SunsMike James
14.7%
KnicksMichael Beasley
14.1%
PacersLance Stephenson
13.6%
ClippersWillie Reed
13.6%
SunsDragan Bender
13.6%
RocketsNene Hilario
13.1%
GrizzliesChandler Parsons
13.1%
KnicksKyle O'Quinn
13.1%
KingsBogdan Bogdanovic
13.1%
SpursRudy Gay
13.1%
RaptorsC.J. Miles
13.1%
GrizzliesAndrew Harrison
12.6%
PelicansAlexis Ajinca
12.6%
Trail BlazersEd Davis
12.6%
HeatBam Adebayo
12%
TimberwolvesNemanja Bjelica
12%
KnicksRon Baker
12%
KnicksDoug McDermott
12%
RaptorsJakob Poeltl
12%
PistonsReggie Bullock
11.5%
BucksMirza Teletovic
11.5%
76ersNik Stauskas
11.5%
KingsKosta Koufos
11.5%
WizardsIan Mahinmi
11.5%
76ersRichaun Holmes
11%
Trail BlazersMeyers Leonard
11%
RaptorsPascal Siakam
11%
MagicJonathan Isaac
9.9%
WizardsJodie Meeks
9.9%
MavericksDorian Finney-Smith
9.4%
PacersGlenn Robinson
9.4%
MagicMario Hezonja
9.4%
PistonsLangston Galloway
8.9%
ThunderKyle Singler
8.9%
KingsWillie Cauley-Stein
8.9%
JazzTony Bradley
8.9%
WizardsTim Frazier
8.9%
GrizzliesMario Chalmers
8.4%
HeatWayne Ellington
8.4%
JazzThabo Sefolosha
7.9%
KingsFrank Mason
7.3%
SpursDavis Bertans
7.3%
PelicansCheick Diallo
6.8%
SpursJoffrey Lauvergne
6.8%
JazzEkpe Udoh
6.3%
JazzRaul Neto
5.8%
BucksDeAndre Liggins
5.2%
SunsTroy Daniels
5.2%
Trail BlazersPat Connaughton
4.2%
MavericksJeff Withey
3.7%

You're not logged in!

Compare scores with friends on all Sporcle quizzes.
OR
Log In

Sporcle TV

Today on Sporcle TV


Watch our educational content, quiz creation guides, and fun videos on Sporcle TV.

Show Comments

Extras

Top Quizzes Today


Score Distribution

Your Account Isn't Verified!

In order to create a playlist on Sporcle, you need to verify the email address you used during registration. Go to your Sporcle Settings to finish the process.

Report this User

Report this user for behavior that violates our Community Guidelines.

Details: